|
|
|
|
| LEADER |
00000nam a2200000 a 4500 |
| 001 |
vtls008246405 |
| 003 |
SK-MaSNL |
| 005 |
20260301015911.0 |
| 008 |
240318s1986 xr 000 0 cze |
| 035 |
|
|
|a SVKPOKN057884
|
| 040 |
|
|
|a SNK
|b slo
|c SNK
|e AACR2
|
| 041 |
0 |
|
|a cze
|
| 044 |
|
|
|a xr
|c CZ
|
| 080 |
|
|
|a 82-311.9(091)
|2 2001
|
| 100 |
1 |
|
|a Neff, Ondřej,
|d 1945-
|4 aut
|9 228482
|
| 245 |
1 |
0 |
|a Všechno je jinak
|b kapitoly o světové science fiction
|c Ondřej Neff;
|
| 250 |
|
|
|a 1. vyd.
|
| 260 |
|
|
|a Praha
|b Albatros
|c 1986
|
| 300 |
|
|
|a 412, [2] s.
|c Fotogr. Ilustr.
|c 20 cm
|
| 650 |
0 |
7 |
|a svetová literatúra
|2 SNKPH
|9 1433
|
| 650 |
0 |
7 |
|a vedecko-fantastická literatúra
|2 SNKPH
|9 31823
|
| 958 |
|
|
|a OND
|
| 999 |
|
|
|c 561860
|d 563790
|
| 952 |
|
|
|a SNK
|b SNK
|y VYP
|7 0
|p 17A0490710
|o snkID 85721 D1
|i snkKIP 4114/87
|3 rekatalogizácia
|0 0
|1 1
|4 0
|d 2005-11-18
|l 0
|r 2026-02-23 13:45:37
|w 2026-02-23
|
| 952 |
|
|
|a SNK
|b SNK
|y VYP
|7 0
|p 17A1316580
|o snkID 85721
|i snkKIP 4113/87
|0 0
|1 0
|4 0
|d 2021-08-02
|l 0
|r 2026-02-23 13:45:37
|w 2026-02-23
|